Ejercicios de tratamiento de la señal utilizando Matlab v.4
Salvato in:
| Autori principali: | , , , |
|---|---|
| Altri autori: | , |
| Natura: | Libro |
| Lingua: | spagnolo |
| Pubblicazione: |
Madrid
Prentice Hall
1998
|
| Serie: | Matlab Curriculum Series
|
| Soggetti: | |
| Tags: |
Aggiungi Tag
Nessun Tag, puoi essere il primo ad aggiungerne!!
|
MARC
| LEADER | 00000nam a2200000 a 4500 | ||
|---|---|---|---|
| 001 | UCM1221 | ||
| 003 | CL-VaPUC | ||
| 005 | 20221027102843.0 | ||
| 008 | 020328e19980000SP |||||||||||||||||spa|d | ||
| 999 | |c 299820 |d 299818 | ||
| 040 | |c Pontificia Universidad Católica de Valparaíso | ||
| 082 | 0 | 4 | |a 621.3822 |b BUR |2 21 |
| 100 | 0 | |a Burrus, C. Sidney |e author |9 468198 | |
| 245 | 1 | 0 | |a Ejercicios de tratamiento de la señal utilizando Matlab v.4 |
| 260 | |a Madrid |b Prentice Hall |c 1998 | ||
| 300 | |a 421 p | ||
| 490 | 0 | |a Matlab Curriculum Series | |
| 583 | |a last modification |c 20020328 00:00:00 |k Rodrigo Vera | ||
| 650 | 0 | |a Señales |9 268475 | |
| 650 | 7 | |a TRATAMIENTO Y DETECCION DE SEÑALES |2 CL-VaPUC |9 360217 | |
| 650 | 7 | |a MATLAB |2 CL-VaPUC |9 330763 | |
| 700 | |a McClellan, James H. |e autor |9 494697 | ||
| 700 | |a Oppenheim, Alan V. |e autor |9 878028 | ||
| 700 | 0 | |a Parks, Thomas W |e author |9 468201 | |
| 700 | 0 | |a Schafer, Ronald W |e author |9 468202 | |
| 700 | 0 | |a Schuessler, Hans W |e author |9 468203 | |
| 942 | |c BK |2 ddc | ||
| 945 | |d 20020328 00:00:00 |a vberengu | ||
| 952 | |0 0 |1 0 |2 ddc |4 0 |6 621_382200000000000_BUR_1998 |7 0 |8 A |9 356772 |a BIBING |b BIBING |c RES |d 2019-11-21 |i 3865843 |l 1 |o 621.3822 BUR 1998 |p 3865843 |r 2025-01-20 |s 2022-04-11 |w 2019-11-21 |y BK |k EIE | ||